Catálogo
 En Linea

Don Adolfo, el libertino : (Registro nro. 22861)

Detalles MARC
000 -CABECERA
campo de control de longitud fija 00639nam a2200217 a 4500
001 - NÚMERO DE CONTROL
campo de control 000023364
005 - FECHA Y HORA DE LA ÚLTIMA TRANSACCIÓN
campo de control 20200930022151.0
008 - DATOS DE LONGITUD FIJA--INFORMACIÓN GENERAL
campo de control de longitud fija 101203s1948 ag r 000 j spa d
082 ## - NÚMERO DE LA CLASIFICACIÓN DECIMAL DEWEY
Número de clasificación 863.64
Número de documento/Ítem M669d, 1968
049 ## - FONDOS LOCALES (OCLC)
Fondos de biblioteca BNGR
040 ## - FUENTE DE LA CATALOGACIÓN
Centro catalogador/agencia de origen DO-SdBNP
100 ## - ENTRADA PRINCIPAL--NOMBRE DE PERSONA
Nombre de persona Miquelarena, Jacinto
9 (RLIN) 48133
245 10 - MENCIÓN DE TÍTULO
Título Don Adolfo, el libertino :
Resto del título novela de 1900 /
Mención de responsabilidad, etc. Jacinto Miquelarena.
250 ## - MENCIÓN DE EDICIÓN
Mención de edición 2a ed.
260 ## - PUBLICACIÓN, DISTRIBUCIÓN, ETC.
Lugar de publicación, distribución, etc. Buenos Aires :
Nombre del editor, distribuidor, etc. Espasa-Calpe,
Fecha de publicación, distribución, etc. 1948.
300 ## - DESCRIPCIÓN FÍSICA
Extensión 147 p. , ;
Dimensiones 18 cm.
490 1# - MENCIÓN DE SERIE
Mención de serie Austral. Azul
Designación de volumen o secuencia 854
650 #4 - PUNTO DE ACCESO ADICIONAL DE MATERIA--TÉRMINO DE MATERIA
Término de materia o nombre geográfico como elemento de entrada Novela española
9 (RLIN) 1123
650 #4 - PUNTO DE ACCESO ADICIONAL DE MATERIA--TÉRMINO DE MATERIA
Término de materia o nombre geográfico como elemento de entrada Literatura española
9 (RLIN) 632
830 #0 - PUNTO DE ACCESO ADICIONAL DE SERIE-TÍTULO UNIFORME
Título uniforme Austral ; Azul.
Designación de volumen o secuencia 854
9 (RLIN) 48134

No hay ítems disponibles.

Con tecnología Koha